000 00680nam a22001817a 4500
999 _c59169
_d59169
003 Ge_BSU
005 20221201153144.0
008 221201s1981ge xxu||||| |||| 00| 0 geo d
041 _ageo
080 _a821.353.1-31 ჭ-46
100 _aჭილაძე, ოთარ, 1933-2009.
_916290
245 _aრკინის თეატრი :
_b რომანი /
_c ო. ჭილაძე, რედ. მ. წიკლაური
264 _aთბილისი :
_bმერანი,
_c1981.
300 _a407 გვ. ;
_b21 სმ.
653 _aრომანი
700 _aწიკლაური, მ
_eრედაქტორი
_93861
942 _2udc
_cBK